La depresión, otros males y cómo combatirlos / (Registro nro. 3064)

Detalles MARC
000 -LEADER
fixed length control field 00957nam a2200325 a 4500
008 - CAMPO DE CONTROL (LIBRO)
fixed length control field 200217e1993 ag ||||| |||| 00| 0 spa d
020 ## - INTERNATIONAL STANDARD BOOK NUMBER
ISBN 9879965604
041 ## - CODIGO DE IDIOMA
Código de idioma del texto/pista de sonido o título separado spa
092 ## - SIGNATURA TOPOGRAFICA DEWEY LOCAL
número de clasificación 616.85
libristica 28
sección GAU
100 1# - ENTRADA PRINCIPAL--NOMBRE PERSONAL
Nombre personal Gauthier, Jorge A.
9 (RLIN) 4117
245 3# - TITULO PROPIAMENTE DICHO
Título La depresión, otros males y cómo combatirlos /
Mención de responsabilidad y remanente de la transcripción de la portada Jorge A. Gauthier
250 ## - MENCION DE EDICION
Mención de edición 1a ed.
260 ## - PIE DE IMPRENTA
Lugar de publicación, distribución, etc Buenos Aires:
Nombre de la editorial, distribuidor, etc Ediciones del Buen Ladrón;
Fecha de publicación 1993.
300 ## - DESCRIPCION FISICA
Extension 217 p.
500 ## - NOTA GENERAL
Nota general Gauthier, J. A. (1993). La depresión, otros males y cómo combatirlos. (1a ed.). Buenos Aires : Ediciones del Buen Ladrón.
590 ## - NOTAS LOCALES (RLIN)
Nota local Donacion
653 ## - TÉRMINO INDIZADO - PALABRAS CLAVES
Palabra clave Depresion
653 ## - TÉRMINO INDIZADO - PALABRAS CLAVES
Palabra clave Familia
653 ## - TÉRMINO INDIZADO - PALABRAS CLAVES
Palabra clave Trabajo
653 ## - TÉRMINO INDIZADO - PALABRAS CLAVES
Palabra clave Superacion
653 ## - TÉRMINO INDIZADO - PALABRAS CLAVES
Palabra clave Analisis hospital publico
653 ## - TÉRMINO INDIZADO - PALABRAS CLAVES
Palabra clave Histeria
653 ## - TÉRMINO INDIZADO - PALABRAS CLAVES
Palabra clave Psicosis
653 ## - TÉRMINO INDIZADO - PALABRAS CLAVES
Palabra clave Psicoanalisis
653 ## - TÉRMINO INDIZADO - PALABRAS CLAVES
Palabra clave Etica y psicoterapia
653 ## - TÉRMINO INDIZADO - PALABRAS CLAVES
Palabra clave Aborto
653 ## - TÉRMINO INDIZADO - PALABRAS CLAVES
Palabra clave Sociedad argentina
653 ## - TÉRMINO INDIZADO - PALABRAS CLAVES
Palabra clave Morbilidad
942 ## - ADDED ENTRY ELEMENTS (KOHA)
Source of classification or shelving scheme Dewey Decimal Classification
Item type Libros
Existencias
Estado de retiro Existencia Fuente de clasificación Estado general No para prestamo Ubicación permanente ubicación actual Sala de ubicación Fecha de adquisición Fuente de adquisición Total Checkouts Número de clasificación Código de barras Date last seen Número de ejemplar Price effective from Koha tipo de elemento (item) Public note
    Dewey Decimal Classification     Biblioteca Medicina Biblioteca Medicina Circulación 17/02/2020 Donacion   616.85 28 GAU 4622 17/02/2020 Ej. 1 17/02/2020 Libros Donacion

UNIVERSIDAD NACIONAL DEL COMAHUE
Biblioteca de la Facultad de Ciencias Médicas
Sede Toschi: Los Arrayanes y Av. Toschi, Cipolletti  - Rio Negro
Sede Los Tordos:  Yrigoyen al 2211, Cipolletti - Rio Negro 

Teléfono: 0299 - 4774707 int 25
Contacto: biblioteca@facimed.uncoma.edu.ar
© 2011 - 2026